000 00537nam a2200193Ia 4500
005 20250326123939.0
008 250326s9999 xx 000 0 und d
037 _aTextbook
040 _aFMSL
_beng
_cFMSL
041 _aeng
_2eng
084 _aT(X:8) L0
_qFMSL
100 _aTonne H A
_9736463
245 0 _aPrinciples of business Education
_cTonne H A; assy L C
250 _a4
260 _aNew Jersey
_bNew Jersey, Business Education
_c1970
300 _a532p
942 _cTB
_hT(X:8) L0
999 _c1271606
_d1271606